Principios de economía (Registro nro. 3091)

Detalles MARC
000 -LEADER
fixed length control field 02204 a2200229 4500
001 - CONTROL NUMBER
control field 39710
005 - DATE AND TIME OF LATEST TRANSACTION
control field 20260407155654.0
008 - FIXED-LENGTH DATA ELEMENTS--GENERAL INFORMATION
fixed length control field 260407a1953 arg spa d
003 - CONTROL NUMBER IDENTIFIER
control field AR-UNSa-BCEJYS
040 ## - CATALOGING SOURCE
Original cataloging agency AR-UNSa-BCEJYS
Language of cataloging spa
Transcribing agency AR-UNSa-BCEJYS
080 ## - UNIVERSAL DECIMAL CLASSIFICATION NUMBER
Universal Decimal Classification number 330
Common auxiliary subdivision Economía en general
100 1# - MAIN ENTRY--PERSONAL NAME
Personal name Garver, Frederick B.
245 10 - TITLE STATEMENT
Title Principios de economía
264 #1 - PRODUCTION, PUBLICATION, DISTRIBUTION, MANUFACTURE, AND COPYRIGHT NOTICE
Place of production, publication, distribution, manufacture Madrid :
Name of producer, publisher, distributor, manufacturer Aguilar
Date of production, publication, distribution, manufacture, or copyright notice 1953
300 ## - PHYSICAL DESCRIPTION
Extent 686 p.
Dimensions 22 cm.
505 ## - FORMATTED CONTENTS NOTE
Formatted contents note Parte I: Introducción :1. La economía como materia especial del estudio - 2. Intervención social - 3. La empresa - 4.El producto nacional y el gasto total - 5. La producción y los costes unitarios - Parte II: El valor : 6. Los mercados y sus funciones - 7. El proceso de fijación del precio: Demanda y oferta - 8. El proceso de formación de los precios: precio de ventas - 9. Análisis de la demanda - 10. Coste de producción y precio normal - 11. Independencia de los precios - 12. La dinámica del precio: Coste variable - 13. Especulación y precios - 14. Monopolio frente a competencia - 15. Competenncia monopolística e imperfecta - 16. Reglamentación por el poder público de las combinaciones de empresas - 17. La regulación de precios por los gobiernos - Parte III: Dinero y precios : 18. Dinero y crédito - 19. El flujo del oro y la expansión monetaria en tiempos de guerra - 20. Fluctuaciones de precios - 21. La teoría del dinero y precios - 22. Ciclos económicos - Parte IV: La distribución de la riqueza y la renta : 23. Salarios - 24. La renta de la tierra - 25. Interés - 26. Los beneficios - 27. Sindicación y legislación de trabajo - 28. Algunos aspectos dinámicos de la distribución - 29. Desigualdades en el dominio de la propiedad y enla renta - 30. Socialismo- 31. Algunos aspectos económicos de la tributación - Parte V: Relaciones económicas internacionales : 32. Cambio extranjero - 33. La balanza comercial - 34. La ley de los costes comparados - 35. Principios arancelarios y de libre cambio - 36. El programa de acuerdos comerciales.
590 ## - LOCAL NOTE (RLIN)
Local note niveau_biblio:m niveau_hierar:0
700 1# - ADDED ENTRY--PERSONAL NAME
Personal name Hansen, Alvin H.
700 1# - ADDED ENTRY--PERSONAL NAME
Personal name Alvarez, Valentín Andrés
700 1# - ADDED ENTRY--PERSONAL NAME
Personal name Paredes Marcos, Miguel
942 ## - ADDED ENTRY ELEMENTS (KOHA)
Koha item type
Existencias
Withdrawn status Lost status Damaged status Not for loan Home library Current library Shelving location Date acquired Total checkouts Full call number Barcode Date last seen Price effective from Koha item type
        Biblioteca Prof. Eusebio Cleto del Rey Biblioteca Prof. Eusebio Cleto del Rey   07/04/2026   330 G212 L20265 07/04/2026 07/04/2026 Libro
        Biblioteca Prof. Eusebio Cleto del Rey Biblioteca Prof. Eusebio Cleto del Rey   07/04/2026   330 G212 L24608 07/04/2026 07/04/2026 Libro